When we were very young / (Record no. 392)

MARC details
000 -LEADER
fixed length control field 00952pam a2200277 a 4500
005 - DATE AND TIME OF LATEST TRANSACTION
control field 20260322212018.0
008 - FIXED-LENGTH DATA ELEMENTS--GENERAL INFORMATION
fixed length control field data
010 ## - LIBRARY OF CONGRESS CONTROL NUMBER
LC control number 92005268
020 ## - INTERNATIONAL STANDARD BOOK NUMBER
International Standard Book Number 0140361235 (pbk.)
020 ## - INTERNATIONAL STANDARD BOOK NUMBER
International Standard Book Number 9780140361230 (pbk.)
040 ## - CATALOGING SOURCE
Original cataloging agency DLC
Transcribing agency DLC
Modifying agency DLC
042 ## - AUTHENTICATION CODE
Authentication code lcac
050 00 - LIBRARY OF CONGRESS CALL NUMBER
Classification number PR6025.I65
Item number W5 1992
082 00 - DEWEY DECIMAL CLASSIFICATION NUMBER
Classification number 821/.912
Edition information 20
099 ## - LOCAL FREE-TEXT CALL NUMBER (OCLC)
Classification number MILNEA
001 - CONTROL NUMBER
control field data
100 1# - MAIN ENTRY--PERSONAL NAME
Personal name Milne, A. A.
Dates associated with a name 1882-1956.
Fuller form of name (Alan Alexander),
245 10 - TITLE STATEMENT
Title When we were very young /
Statement of responsibility, etc. A. A. Milne & Ernest H. Shepard.
260 ## - PUBLICATION, DISTRIBUTION, ETC.
Place of publication, distribution, etc. New York, N.Y., U.S.A. :
Name of publisher, distributor, etc. Puffin Books,
Date of publication, distribution, etc. 1992.
300 ## - PHYSICAL DESCRIPTION
Extent 100 p. :
Other physical details ill. ;
Dimensions 20 cm.
500 ## - GENERAL NOTE
General note Originally published: New York : E.P. Dutton, 1924.
520 ## - SUMMARY, ETC.
Summary, etc. A collection of poems reflecting the experiences of a little English boy growing up in the early part of the twentieth century.
650 #0 - SUBJECT ADDED ENTRY--TOPICAL TERM
Topical term or geographic name entry element Children's poetry, English.
650 #1 - SUBJECT ADDED ENTRY--TOPICAL TERM
Topical term or geographic name entry element English poetry.
700 1# - ADDED ENTRY--PERSONAL NAME
Personal name Shepard, Ernest H.
Dates associated with a name 1879-1976,
Fuller form of name (Ernest Howard),
Relator term ill.
Holdings
Withdrawn status Lost status Damaged status Not for loan Home library Current library Shelving location Date acquired Total checkouts Full call number Barcode Date last seen Price effective from Koha item type
        Franklin Franklin General stacks 22/03/2026   821/.912 20 BC0010402 22/03/2026 22/03/2026 Books